000 00669nam a2200193 i 4500
001 24035
003 ES-MaACL
005 20250727091309.0
007 t|
008 021213s1954 sp ||||1| spa d
100 1 _aAmo, León del.
_921276
245 1 4 _aLos matrimonios civiles durante la República
_b: problemas que plantean /
_cLeón del Amo.
260 _aMadrid :
_bRevista de Derecho Privado,
_c[1954] (
_fUrguina)
300 _aXVI, 182 p. ;
_c23 cm.
490 1 _aMonografías prácticas de derecho español
830 0 0 _aMonografías prácticas de derecho español
_9181279
852 _aES-MaACL
_jC-19014
_bR.36882
999 _c24035
_d24035